[Event "DVM U20 2017"]
[Site "Düsseldorf GER"]
[Date "2017.12.27"]
[Round "1"]
[White "Tampe, Alexander"]
[Black "Kruse, Janik"]
[Result "0-1"]
[Termination "normal"]
[Board "8.2"]
[WhiteElo "1695"]
[BlackElo "2052"]
[WhiteTeam "Schachforum Darmstadt"]
[BlackTeam "LSV Turm Lippstadt"]
[PlyCount "68"]
[WhiteFideId "12921572"]
[BlackFideId "16200250"]
[EventCountry "GER"]
[EventRounds "7"]
[EventType "team-swiss"]
[EventDate "2017.12.26"]

1. e4 e5 2. Nf3 Nc6 3. d4 exd4 4. Nxd4 Nf6 5. Nxc6 bxc6 6. Bd3 d5 7. exd5 cxd5
8. O-O Be7 9. Bg5 O-O 10. Nc3 c6 11. Re1 h6 12. Bh4 Rb8 13. Rb1 Be6 14. Ne2 Rb4
15. Bg3 Nh5 16. c3 Rb7 17. Nd4 Nxg3 18. Nxc6 Qb6 19. Nxe7+ Rxe7 20. hxg3 Rb7
21. b3 Qa5 22. Qc2 Rc8 23. b4 Qa3 24. Rb3 Qa4 25. Qb2 d4 26. Ra3 dxc3 27. Qc1
Qxb4 28. Ba6 c2 29. Bxb7 Qxb7 30. Qe3 Qb2 31. Rc1 Rd8 32. Re1 Rd1 33. Rc3 Qxa2
34. Qe2 Qa1 0-1

[Event "DVM U20 2017"]
[Site "Düsseldorf GER"]
[Date "2017.12.27"]
[Round "1"]
[White "Kettler, Ilija Jonas"]
[Black "Czappa, Fabian Alexander"]
[Result "1-0"]
[Termination "normal"]
[Board "8.3"]
[WhiteElo "2032"]
[BlackElo "1618"]
[WhiteTeam "LSV Turm Lippstadt"]
[BlackTeam "Schachforum Darmstadt"]
[PlyCount "93"]
[WhiteFideId "16216610"]
[BlackFideId "16255968"]
[EventCountry "GER"]
[EventRounds "7"]
[EventType "team-swiss"]
[EventDate "2017.12.26"]

1. e4 e5 2. Nf3 Nc6 3. Bc4 Bc5 4. c3 Nf6 5. d4 exd4 6. e5 d5 7. Bb5 Ne4 8. cxd4
Bb4+ 9. Nbd2 O-O 10. O-O Bg4 11. Bxc6 bxc6 12. Qc2 Bxf3 13. Nxf3 Qd7 14. Be3
Rab8 15. Rac1 Ba5 16. a3 c5 17. dxc5 c6 18. Nd4 Bd8 19. b4 Bg5 20. Bxg5 Nxg5
21. Qd2 Ne6 22. Nf5 Nxc5 23. Nxg7 Ne4 24. Qh6 Qe7 25. Nh5 Qxe5 26. f3 Qg5 27.
Qxg5+ Nxg5 28. Nf6+ Kg7 29. Nd7 Rbc8 30. Nxf8 Kxf8 31. Rfd1 Ne6 32. Rxd5 Nf4
33. Rd2 Ke7 34. Rc4 Ne6 35. Kf2 a6 36. a4 c5 37. Rd5 Rc7 38. bxc5 f6 39. Rh4
Rxc5 40. Rxh7+ Ke8 41. Rd6 Ng5 42. Ra7 Rc2+ 43. Kg3 Rc3 44. Rb6 Rd3 45. Rb8+
Rd8 46. Rxd8+ Kxd8 47. Rxa6 1-0

[Event "DVM U20 2017"]
[Site "Düsseldorf GER"]
[Date "2017.12.27"]
[Round "1"]
[White "Tampe, Friederike"]
[Black "Kuckling, Linus"]
[Result "1/2-1/2"]
[Termination "normal"]
[Board "8.4"]
[WhiteElo "1461"]
[BlackElo "1804"]
[WhiteTeam "Schachforum Darmstadt"]
[BlackTeam "LSV Turm Lippstadt"]
[PlyCount "108"]
[WhiteFideId "12973939"]
[BlackFideId "24658243"]
[EventCountry "GER"]
[EventRounds "7"]
[EventType "team-swiss"]
[EventDate "2017.12.26"]

1. e4 d6 2. d4 Nf6 3. Nc3 Nbd7 4. Bc4 e5 5. Nf3 Be7 6. O-O O-O 7. Re1 c6 8. Bb3
Qc7 9. Bg5 Re8 10. Qd2 Nf8 11. h3 Ne6 12. Bh4 h6 13. Rad1 Nf4 14. Bg3 N6h5 15.
Bh2 Bg5 16. Nxg5 hxg5 17. d5 c5 18. Ne2 Bd7 19. c4 b5 20. Nxf4 gxf4 21. Qe2
bxc4 22. Qxh5 cxb3 23. axb3 Reb8 24. Rd3 Be8 25. g3 f6 26. Qg4 Qd7 27. Qxd7
Bxd7 28. gxf4 Rb4 29. fxe5 fxe5 30. f4 Re8 31. fxe5 dxe5 32. Rc3 a6 33. Kg2 Rd4
34. Rc2 Rd3 35. Rc3 Bxh3+ 36. Kg1 Rxc3 37. bxc3 g5 38. Ra1 Rf8 39. Bxe5 Re8 40.
Bd6 Rxe4 41. Bxc5 g4 42. Rd1 g3 43. d6 Bd7 44. Kg2 Re5 45. Ba7 Rg5 46. Rd3 Bc6+
47. Kg1 Bd7 48. Be3 Rg7 49. Bf4 g2 50. Rg3 Rxg3 51. Bxg3 Bc6 52. c4 Kf7 53. b4
Ke6 54. b5 axb5 1/2-1/2

[Event "DVM U20 2017"]
[Site "Düsseldorf GER"]
[Date "2017.12.27"]
[Round "1"]
[White "Neudorf, Noah Levin"]
[Black "Münk, Johannes"]
[Result "1-0"]
[Termination "normal"]
[Board "8.5"]
[WhiteElo "1830"]
[BlackElo "1540"]
[WhiteTeam "LSV Turm Lippstadt"]
[BlackTeam "Schachforum Darmstadt"]
[PlyCount "91"]
[WhiteFideId "12965693"]
[BlackFideId "16241983"]
[EventCountry "GER"]
[EventRounds "7"]
[EventType "team-swiss"]
[EventDate "2017.12.26"]

1. b3 d5 2. Bb2 c5 3. e3 Nc6 4. Bb5 e6 5. f4 Nf6 6. Nf3 Be7 7. O-O O-O 8. Bxc6
bxc6 9. Ne5 Qc7 10. Nc3 Ba6 11. Ne2 Rad8 12. d3 c4 13. Ng3 Qb6 14. Re1 Bb4 15.
c3 Be7 16. d4 c5 17. Ba3 Rc8 18. Rb1 Qa5 19. Qc1 Rc7 20. dxc5 Rb8 21. b4 Qb5
22. Qc2 Nd7 23. Nxd7 Qxd7 24. Rbd1 Bb5 25. Rd2 Ba4 26. Qc1 f5 27. e4 Bh4 28.
exd5 Bxg3 29. hxg3 exd5 30. Re5 Bc6 31. Qc2 g6 32. Rd4 Re8 33. Qe2 Rcc8 34. Bc1
Kf7 35. Rd1 Ba4 36. Re1 Bb5 37. Be3 Ba4 38. Bd4 Bc6 39. Kf2 Bb5 40. Rh1 Kf8 41.
Re1 Kf7 42. Qf1 Qb7 43. Qh1 Kg8 44. Qh4 Qf7 45. Re7 Rxe7 46. Rxe7 1-0

[Event "DVM U20 2017"]
[Site "Düsseldorf GER"]
[Date "2017.12.27"]
[Round "1"]
[White "Röth, Alexander"]
[Black "Homfeldt, Christopher"]
[Result "1/2-1/2"]
[Termination "normal"]
[Board "8.6"]
[WhiteElo "1361"]
[BlackElo "1743"]
[WhiteTeam "Schachforum Darmstadt"]
[BlackTeam "LSV Turm Lippstadt"]
[PlyCount "108"]
[WhiteFideId "16255976"]
[BlackFideId "16220293"]
[EventCountry "GER"]
[EventRounds "7"]
[EventType "team-swiss"]
[EventDate "2017.12.26"]

1. d4 Nf6 2. Bf4 g6 3. Nc3 Bg7 4. e4 d6 5. Qd2 Nbd7 6. Nf3 O-O 7. Bh6 {[%emt 0:
00:00]} c5 8. Bxg7 Kxg7 9. e5 dxe5 10. dxe5 Ng4 11. O-O-O Qc7 12. Nd5 Qb8 13.
Nxe7 Ndxe5 14. Nxc8 Qxc8 15. Nxe5 Nxe5 16. Qc3 Qf5 17. Bd3 Qf6 18. Qxc5 Rfc8
19. Qd5 Rd8 20. Qe4 Nxd3+ 21. Rxd3 Rxd3 22. Qxd3 Qxf2 23. Qd2 {(=)} Qc5 24. Rd1
Re8 25. Qd4+ Qxd4 26. Rxd4 Re2 27. Rd2 Re1+ 28. Rd1 Re7 29. Kd2 Rd7+ 30. Ke2
Rxd1 31. Kxd1 Kf6 32. Ke2 Ke5 33. Ke3 f5 34. g3 g5 35. c3 b5 36. b3 Kd5 37. h4
h6 38. h5 a5 39. Kd3 Ke5 40. Ke3 Kd5 41. Kd3 a4 42. Ke3 Ke5 43. Kf3 a3 44. Ke3
Kd5 45. Kd3 {(=)} f4 46. gxf4 gxf4 47. Ke2 Ke4 48. c4 bxc4 49. bxc4 Kd4 50. c5
Kxc5 51. Kf3 Kc4 52. Kxf4 Kc3 53. Ke3 Kb2 54. Kd2 Kxa2 1/2-1/2